[Event "GER-ch Seniors 50 31st"]
[Site "Radebeul"]
[Date "2019.04.30"]
[Round "5"]
[White "Spiess, Thomas"]
[Black "Eilmes, Franco"]
[Result "1-0"]
[WhiteElo "1965"]
[BlackElo "1778"]
[PlyCount "75"]
[EventDate "2019.04.26"]
[EventType "swiss"]
[EventRounds "9"]
[EventCountry "GER"]
[SourceTitle "CBM 190 Extra"]
[Source "ChessBase"]
[SourceDate "2019.07.15"]
[SourceVersion "1"]
[SourceVersionDate "2019.07.15"]
[SourceQuality "1"]

1. Nf3 Nf6 2. c4 g6 3. Nc3 Bg7 4. e4 d6 5. d4 0-0 6. Be2 Nbd7 7. 0-0 c5 8. d5 Re8 9. h3 Nf8 10. Bf4 N6d7 11. Qd2 Ne5 12. Rad1 Nfd7 13. Nh2 Nb6 14. b3 f6 15. Bg3 Nbd7 16. f4 Nf7 17. Kh1 a6 18. Bd3 b6 19. Ng4 Nf8 20. Nh2 Ra7 21. Nf3 Nd7 22. Rfe1 Rb7 23. Re2 Nf8 24. e5 dxe5 25. fxe5 fxe5 26. Be4 Qd6 27. Qe1 Bf5 28. Bxf5 gxf5 29. Nxe5 Bxe5 30. Bxe5 Qh6 31. Rd3 Ng6 32. Bh2 Nd8 33. d6 f4 34. Nd5 Kf7 35. Nxf4 Nxf4 36. Bxf4 Qg6 37. Rf3 e6 38. Be5+ 1-0